| 000 | 00908nam a2200217 i 4500 | ||
|---|---|---|---|
| 001 | 126128 | ||
| 003 | ES-MaACL | ||
| 005 | 20230906192748.0 | ||
| 007 | t| | ||
| 008 | 070214s1968 sp r ||||1| spa d | ||
| 245 | 0 | 0 |
_aTecnología de los reactores nucleares / _cpublicado bajo la dirección de Thomas Reis ; por Paul Ageron... [et al.] ; prólogo de León Jacqué ; traducido por López de Chueha. _n, . I, _pMateriales. |
| 260 |
_aBilbao : _bUrmo, _c1968. |
||
| 300 |
_a1 v. : _bil. ; _c25 cm. |
||
| 505 | 8 | _aContiene: I. Materiales / por Paul Ageron [y otros] ; prólogo de Leon Jacque ; traducido por López de Chueca ; revisado por M.A. García Ramírez | |
| 650 | 4 |
_aReactores nucleares. _9165703 |
|
| 700 | 1 |
_aReis, Thomas. _996077 |
|
| 700 | 1 |
_aAgeron, Paul. _918553 |
|
| 700 | 1 |
_aJacqué, León. _965872 |
|
| 700 | 1 |
_aLópez de Chueca, Aurora. _973536 |
|
| 852 |
_aES-MaACL _jP-1376 _bR.68304 |
||
| 999 |
_c126128 _d126128 |
||